Country Flags With Shuffled Colors - Statistics

General Stats
  • This quiz has been taken 156 times
  • The average score is 15 of 16
Answer Stats
Picture Answer % Correct
Papua New Guinea
99%
Slovakia
98%
Grenada
97%
Lesotho
97%
Antigua and Barbuda
96%
Central African Republic
95%
Comoros
94%
Uzbekistan
94%
Vanuatu
93%
Namibia
92%
Zimbabwe
91%
Guyana
90%
Djibouti
86%
Sao Tome and Principe
86%
South Sudan
81%
Suriname
81%
No matching quizzes found
Score Distribution
Percent of People with Each Score
Percentile by Number Answered
Your Score History
You have not taken this quiz